National Anthem of Vietnam - Tiến quân ca - Statistics

General Stats
  • This quiz has been taken 4 times
  • The average score is 118 of 146
Answer Stats
Lyrics % Correct
bền.
100%
Cờ
100%
ca
100%
chân
100%
chen
100%
chiến
100%
chung
100%
cứu
100%
cùng
100%
Cùng
100%
dân
100%
đi,
100%
dồn
100%
Đoàn
100%
đấu
100%
đường
100%
Đường
100%
ghềnh
100%
gian
100%
gập
100%
hành
100%
hồn
100%
hờn,
100%
hơn.
100%
in
100%
không
100%
khu.
100%
lao
100%
lên,
100%
lên!
100%
lên
100%
lòng
100%
lập
100%
mang
100%
máu
100%
mau
100%
Nam
100%
ngừng,
100%
nhân
100%
nhau
100%
non
100%
nước,
100%
Nước
100%
qua
100%
quân
100%
quang
100%
quốc
100%
ra
100%
sa
100%
Súng
100%
ta
100%
than
100%
thắng
100%
Thắng
100%
thù,
100%
Tiến
100%
tiến
100%
trên
100%
trường,
100%
100%
vinh
100%
Việt
100%
vững
100%
xa
100%
xác
100%
xây
100%
Bước
67%
hương
67%
khúc
67%
ngoài
67%
quê
67%
vang
67%
vàng
67%
Đứng
33%
Dắt
33%
giống
33%
nòi
33%
nơi
33%
phới
33%
phấp
33%
sao
33%
tan.
33%
bao
0%
căm
0%
đời
0%
đập
0%
đều
0%
gông
0%
hy
0%
lâu
0%
lầm
0%
mới,
0%
nuốt
0%
phấn
0%
Quyết
0%
sức
0%
sinh
0%
Từ
0%
thắm
0%
tươi
0%
xích
0%
No matching quizzes found
Score Distribution
Percent of People with Each Score
Percentile by Number Answered
Your Score History
You have not taken this quiz